000 00614nam a22001817a 4500
008 160405b xxu||||| |||| 00| 0 eng d
020 _a0071255109
082 _22009
_aDC 517.316
_bK14v
100 _94792
_aKardong, Kenneth V.
245 _aVertebrates:
_bcomparative anatomy, function, evolution/
_cKenneth V. Kardong.
250 _a4th Edition
260 _aBoston:
_bMcGraw-Hill,
_cc2006.
300 _axviii, 782 pages:
_billustrations;
_c25 cm.
500 _aIncludes appendices, glossary, and index.
650 0 _94793
_aVertebrates
_xAnatomy
650 0 _94794
_aVertebrates
_xPhysiology
942 _2ddc
_cDC
999 _c3236
_d3236